Exploring corporate strategy /
Na minha lista:
| Autor principal: | |
|---|---|
| Outros Autores: | |
| Formato: | Livro |
| Idioma: | inglês |
| Publicado em: |
New York :
Prentice Hall,
1993.
|
| Edição: | 3rd ed. |
| Assuntos: | |
| Tags: |
Adicionar Tag
Sem tags, seja o primeiro a adicionar uma tag!
|
MARC
| LEADER | 00000pam a2200000 a 4500 | ||
|---|---|---|---|
| 001 | 2504709 | ||
| 003 | MU | ||
| 005 | 20220523054811.0 | ||
| 008 | 920624s1993 nyua b 001 0 eng | ||
| 010 | |a 92025521 | ||
| 020 | |a 9780273711919 |c Tzs 100,398.40/= | ||
| 040 | |a MU Library |c MU Library |d MU Library |b Eng. | ||
| 050 | 0 | 0 | |a HD30.28 |b .J648 2008 |
| 082 | 0 | 0 | |a 658.4012 JOH |2 22 |
| 100 | 1 | |a Johnson, Gerry. | |
| 245 | 1 | 0 | |a Exploring corporate strategy / |c Gerry Johnson, Kevan Scholes. |
| 250 | |a 3rd ed. | ||
| 260 | |a New York : |b Prentice Hall, |c 1993. | ||
| 300 | |a xxiv, 431 p. : |b col. ill. ; |c 24 cm. | ||
| 504 | |a Includes bibliographical references and indexes. | ||
| 650 | 0 | |a Business planning | Strategic planning | Strategic management | |
| 650 | 0 | |a Strategic planning. | |
| 700 | 1 | |a Scholes, Kevan. | |
| 906 | |a 7 |b cbc |c orignew |d 1 |e ocip |f 19 |g y-gencatlg | ||
| 942 | |2 ddc |c BK |n 0 | ||
| 999 | |c 56 |d 56 | ||